Score 0/54 Timer 06:00
1 Play Today
Question Answer Wrong Answers
What is the capital of Tunisia? Tunis
94.2%
Sfax
0.2%
Sousse
0.6%
Ettadhamen
0.3%
What is the capital of Egypt? Cairo
93.9%
Alexandria
0.9%
Giza
0.3%
Luxor
0.2%
What is the capital of Algeria? Algiers
93.6%
Oran
0.6%
Constantine
0.6%
Annaba
0.4%
What is the capital of Ethiopia? Addis Ababa
92.6%
Adama
0.8%
Gondar
0.6%
Mek'ele
1.1%
What is the capital of Kenya? Nairobi
92.3%
Mombasa
2.3%
Kisumu
0.3%
Nakuru
0.5%
What is the capital of Djibouti? Djibouti
91.9%
Ali Sabieh
0.8%
Tadjoura
1%
Dikhil
1.2%
What is the capital of Senegal? Dakar
91.8%
Touba
1.7%
Thies
0.8%
Rufisque
0.7%
What is the capital of Libya? Tripoli
91.4%
Benghazi
2.9%
Misrata
0.5%
Bayda
0.4%
What is the capital of Somalia? Mogadishu
90.7%
Hargeisa
1%
Bosaso
2.5%
Galkayo
0.7%
What is the capital of Sierra Leone? Freetown
90.4%
Bo
1.3%
Kenema
1.3%
Makeni
1.9%
What is the capital of Mauritius? Port Louis
89.6%
Beau Bassin-Rose Hill
2.3%
Curepipe
1.4%
Vacaos-Phoenix
1.4%
What is the capital of Ghana? Accra
89.5%
Kumasi
2.3%
Tamale
2.3%
Ashiaman
0.9%
What is the capital of São Tomé and Príncipe? São Tomé
89%
Santo Amaro
2.1%
Neves
2.4%
Santana
1.5%
What is the capital of Zimbabwe? Harare
87.9%
Bulawayo
2.3%
Chitungwiza
2%
Mutare
2.8%
What is the capital of Uganda? Kampala
87.4%
Nansana
1.3%
Kira
2%
Mbarara
4.2%
What is the capital of Guinea-Bissau? Bissau
87.1%
Bafatá
2.2%
Gabú
3.2%
Bissorã
2.5%
What is the capital of Republic of Congo? Brazzaville
86.3%
Pointe-Noire
4.4%
Dolisie
0.8%
Kindamba
3.4%
What is the capital of Togo? Lomé
86.2%
Sokodé
2.9%
Kara
3.1%
Palimé
2.6%
What is the capital of Democratic Republic of Congo? Kinshasa
85.9%
Lubumbashi
4%
Mbuji-Mayi
1.7%
Kananga
3.5%
What is the capital of Sudan? Khartoum
85.8%
Omdurman
1.3%
Nyala
1.6%
Port Sudan
6.6%
What is the capital of Namibia? Windhoek
85.3%
Walvis Bay
1.5%
Swakopmund
2%
Rundu
5.9%
What is the capital of Burkina Faso? Ouagadougou
84.8%
Bobo Dioulasso
3.3%
Ouahigouya
3%
Koudougou
3.7%
What is the capital of Angola? Luanda
84.4%
Cabinda
1.4%
Huambo
1.9%
Lubango
7.2%
What is the capital of Liberia? Monrovia
83.7%
Gbarnga
1.3%
Kakata
3.8%
Bensonville
6%
What is the capital of Zambia? Lusaka
83.6%
Ndola
2.7%
Kitwe
3.7%
Kabwe
4.6%
What is the capital of Mozambique? Maputo
83.3%
Matola
2.1%
Beira
1.8%
Nampula
7.5%
What is the capital of Eritrea? Asmara
82.6%
Keren
3.7%
Teseney
4.2%
Mendefera
4.2%
What is the capital of Madagascar? Antananarivo
82.4%
Toamasina
3.8%
Antsirabe
2.9%
Mahajanga
5.7%
What is the capital of eSwatini? Mbabane
82.3%
Manzini
7.7%
Big Bend
2.5%
Malkerns
2.1%
What is the capital of Mali? Bamako
82.3%
Sikasso
4.9%
Mopti
4.9%
Koutiala
2.7%
What is the capital of South Sudan? Juba
82.1%
Malakal
6.3%
Wau
1.7%
Yambio
4.8%
What is the capital of Rwanda? Kigali
81.8%
Butare
8.5%
Gitarama
2.2%
Ruhengeri
2.2%
What is the capital of Morocco? Rabat
81.7%
Casablanca
7%
Fez
2.6%
Tangier
4%
What is the capital of Gabon? Libreville
81.1%
Port-Gentil
4.8%
Masuku
7.1%
Oyem
1.8%
What is the capital of Seychelles? Victoria
81.1%
Anse Boileau
3.9%
Bel Ombre
3.8%
Beau Vallon
5.9%
What is the capital of Chad? N'Djamena
80.8%
Moundou
6.3%
Sarh
2.4%
Abéché
5.3%
What is the capital of Cameroon? Yaoundé
80.6%
Douala
7.8%
Bamenda
2.3%
Bafoussam
4%
What is the capital of Malawi? Lilongwe
80.1%
Blantyre
3.1%
Mzuzu
7%
Zomba
4.4%
What is the capital of the Central African Republic? Bangui
78.8%
Bimbo
5.7%
Berberati
7.3%
Carnot
2.7%
What is the capital of Equatorial Guinea? Malabo
78.6%
Bata
7.7%
Ebebiyin
3.5%
Aconibe
4.5%
What is the capital of South Africa? Pretoria
78%
Soweto
0.3%
Johannesburg
16.9%
Tembisa
0.2%
What is the capital of Botswana? Gaborone
77.9%
Kanye
2.9%
Francistown
9.9%
Molepolole
4.1%
What is the capital of Niger? Niamey
77%
Zinder
3%
Maradi
8.5%
Agadez
6.2%
What is the capital of Guinea? Conakry
76.7%
Nzérékoré
3%
Kindia
3%
Boké
11.9%
What is the capital of Benin? Porto-Novo
75.5%
Cotonou
5.7%
Parakou
3.3%
Djougou
10.2%
What is the capital of Lesotho? Maseru
73.9%
Teyateyaneng
5.5%
Mafeteng
8.4%
Hlotse
6.5%
What is the capital of Mauritania? Nouakchott
71.8%
Nouadhibou
11.1%
Rosso
6.5%
Boghé
5.1%
What is the capital of the Gambia? Banjul
71.3%
Serekunda
2.8%
Brikama
3.3%
Bakau
17.4%
What is the capital of Comoros? Moroni
69.5%
Moutsamoudou
13.2%
Fomboni
3.5%
Domoni
8.2%
What is the capital of Cabo Verde? Praia
68.2%
Mindelo
2.6%
Assomada
3.4%
São Filipe
20.3%
What is the capital of Nigeria? Abuja
67.5%
Lagos
26.7%
Kano
0.6%
Ibadan
0.6%
What is the capital of Cote d'Ivoire? Yamoussoukro
65%
Abidjan
19.5%
Bouaké
6.7%
Abobo
3.7%
What is the capital of Tanzania? Dodoma
53.9%
Dar es Salaam
33.9%
Mwanza
4.2%
Arusha
2.9%
What is the capital of Burundi? Gitega
25%
Mwaro
40.4%
Muyinga
13.7%
Ngozi
15.3%

You're not logged in!

Compare scores with friends on all Sporcle quizzes.
OR
Log In

Sporcle TV

Today on Sporcle TV


Watch our educational content, quiz creation guides, and fun videos on Sporcle TV.

Show Comments

Extras

Top Quizzes Today


Score Distribution

Paid Content

Your Account Isn't Verified!

In order to create a playlist on Sporcle, you need to verify the email address you used during registration. Go to your Sporcle Settings to finish the process.

Report this User

Report this user for behavior that violates our Community Guidelines.

Details: